[Event "I Festival Steinitz A"]
[Site "Roma ITA"]
[Date "2002.07.06"]
[Round "2"]
[White "Campatelli, Giovanni"]
[Black "Riondino, Michele"]
[Result "0-1"]
[WhiteElo "1506"]
[BlackElo "1874"]
[PlyCount "108"]
[EventDate "2002.07.05"]

1. e4 e5 2. Nf3 Nc6 3. Bb5 a6 4. Ba4 Nf6 5. O-O Nxe4 6. Re1 Nc5 7. Bxc6 dxc6 8.
Nxe5 Be7 9. d4 Ne6 10. c3 O-O 11. Be3 Bd6 12. Nd2 c5 13. Ne4 cxd4 14. Bxd4 Nxd4
15. Qxd4 Be7 16. Qxd8 Rxd8 17. Rad1 Be6 18. b3 Rxd1 19. Rxd1 f6 20. Nf3 c5 21.
c4 Kf7 22. Nd6+ Bxd6 23. Rxd6 Ke7 24. Rd3 Rd8 25. Rxd8 Kxd8 26. Kf1 b5 27. Nd2
Kc7 28. Ke2 bxc4 29. Nxc4 Bxc4+ 30. bxc4 Kb6 31. Kd3 Ka5 32. Ke4 Kb4 33. Kd5 a5
34. a3+ Kxa3 35. Kxc5 a4 36. Kd5 Kb4 37. c5 a3 38. c6 a2 39. c7 a1=Q 40. c8=Q
Qe5+ 41. Kc6 Qe4+ 42. Kd7 Qxg2 43. Qb8+ Kc3 44. Qg3+ Qxg3 45. fxg3 f5 46. Ke6
g6 47. Ke5 Kd3 48. Kf4 Ke2 49. g4 fxg4 50. Kxg4 Kf2 51. Kg5 h5 52. Kh4 Kf3 53.
h3 Kg2 54. Kg5 Kxh3 0-1

[Event "I Festival Steinitz A"]
[Site "Roma ITA"]
[Date "2002.07.06"]
[Round "2"]
[White "Campomori, Bruno"]
[Black "Del Vecchio, Ausonio"]
[Result "1-0"]
[WhiteElo "1832"]
[BlackElo "1389"]
[PlyCount "42"]
[EventDate "2002.07.05"]

1. e4 c5 2. Nf3 Nc6 3. c3 d6 4. d4 cxd4 5. cxd4 a6 6. Nc3 e6 7. d5 exd5 8. exd5
Ne5 9. Nxe5 dxe5 10. Qh5 Bd6 11. Bd3 h6 12. O-O Nf6 13. Qh4 Qc7 14. Be3 b5 15.
Rac1 Qb8 16. Ne4 Nxe4 17. Bxe4 Bb7 18. Qg4 Kf8 19. f4 Bc8 20. Qh4 Bd7 21. fxe5
f5 1-0

[Event "I Festival Steinitz A"]
[Site "Roma ITA"]
[Date "2002.07.06"]
[Round "2"]
[White "Caprioli, Fabrizio"]
[Black "Martines, Rosario"]
[Result "1-0"]
[WhiteElo "1566"]
[BlackElo "1266"]
[PlyCount "77"]
[EventDate "2002.07.05"]

1. d4 e6 2. c4 Nf6 3. Nc3 b6 4. Bg5 Be7 5. Nf3 Bb7 6. e3 h6 7. Bh4 Ng8 8. Bxe7
Nxe7 9. Bd3 c6 10. b4 d5 11. c5 b5 12. Ne5 Nd7 13. Nxd7 Qxd7 14. Qh5 g5 15. h4
O-O-O 16. Qd1 gxh4 17. a4 a6 18. axb5 axb5 19. Ra5 Kc7 20. Bxb5 Ra8 21. Qa4
cxb5 22. Nxb5+ Kc6 23. Nd6+ Kc7 24. b5 Rxa5 25. Qxa5+ Kb8 26. Ke2 Nc8 27. Nxc8
Rxc8 28. c6 Bxc6 29. bxc6 Rxc6 30. Rb1+ Kc8 31. Qa8+ Kc7 32. Rb7+ Kd6 33. Rxd7+
Kxd7 34. Qf8 f5 35. Qxh6 Rc2+ 36. Kf3 Kd6 37. Qf8+ Kc7 38. Qe7+ Kc6 39. Qxe6+
1-0

[Event "I Festival Steinitz A"]
[Site "Roma ITA"]
[Date "2002.07.06"]
[Round "2"]
[White "Cardinali, Egidio"]
[Black "Taloni, Silvio"]
[Result "1-0"]
[WhiteElo "1546"]
[BlackElo "1543"]
[PlyCount "42"]
[EventDate "2002.07.05"]

1. e4 Nf6 2. Nc3 d5 3. exd5 Nxd5 4. Bc4 e6 5. d3 Be7 6. Nf3 Bf6 7. Ne4 Be7 8.
O-O Nf6 9. Bd2 Nxe4 10. dxe4 O-O 11. Qe2 c5 12. Rad1 Qc7 13. e5 Re8 14. Bd3 Nc6
15. Rfe1 b6 16. Ng5 g6 17. Qf3 Nxe5 18. Qxa8 Nc6 19. Ba6 Bd6 20. Ne4 Rf8 21.
Bh6 Be7 1-0

[Event "I Festival Steinitz A"]
[Site "Roma ITA"]
[Date "2002.07.06"]
[Round "2"]
[White "Chiaretti, Roberto"]
[Black "Carbone, Stefano"]
[Result "1-0"]
[WhiteElo "2199"]
[BlackElo "1500"]
[PlyCount "36"]
[EventDate "2002.07.05"]

1. d4 Nf6 2. Nf3 e6 3. Bg5 Be7 4. e3 b6 5. Bd3 Bb7 6. Nbd2 c5 7. c3 cxd4 8.
exd4 O-O 9. O-O d5 10. Ne5 Qe8 11. Qe2 h6 12. Bh4 Qc8 13. f4 Ba6 14. Rae1 Bxd3
15. Qxd3 Qe8 16. f5 Ng4 17. Bxe7 Nxe5 18. Qg3 Qxe7 1-0

[Event "I Festival Steinitz A"]
[Site "Roma ITA"]
[Date "2002.07.06"]
[Round "2"]
[White "Conflitti, Alessandro"]
[Black "Ferraguto, Andrea"]
[Result "0-1"]
[WhiteElo "1500"]
[BlackElo "1597"]
[PlyCount "84"]
[EventDate "2002.07.05"]

1. e4 c5 2. Nf3 d6 3. Bb5+ Bd7 4. a4 Nc6 5. O-O Nf6 6. Re1 e6 7. c3 a6 8. Bc4
Be7 9. d4 d5 10. exd5 exd5 11. Bb3 O-O 12. h3 Ne4 13. Bxd5 Nf6 14. Bb3 Bf5 15.
Bc2 Bxc2 16. Qxc2 cxd4 17. cxd4 Bb4 18. Rd1 Rc8 19. Qd3 Bd6 20. Nc3 Nb4 21. Qe2
Nbd5 22. Nxd5 Nxd5 23. Be3 Qb6 24. Rac1 Qb3 25. Rxc8 Rxc8 26. a5 Rc2 27. Bd2
Rxb2 28. Qe8+ Bf8 29. Rc1 Rb1 30. Ne5 Rxc1+ 31. Bxc1 Nf6 32. Qc8 Qd1+ 33. Kh2
Qxd4 34. Ba3 Qxe5+ 35. g3 Qe8 36. Qxb7 Bxa3 37. Qxa6 h6 38. Qb7 Qe1 39. Qc8+
Qe8 40. Qb7 Qd7 41. Qb8+ Kh7 42. a6 Bc5 0-1

[Event "I Festival Steinitz A"]
[Site "Roma ITA"]
[Date "2002.07.06"]
[Round "2"]
[White "Corvi, Marco"]
[Black "Rossi, Aldo A."]
[Result "1-0"]
[WhiteElo "2288"]
[BlackElo "1713"]
[PlyCount "105"]
[EventDate "2002.07.05"]

1. c4 g6 2. Nc3 c5 3. g3 Bg7 4. Bg2 Nc6 5. Nf3 Nf6 6. O-O O-O 7. d4 cxd4 8.
Nxd4 Nxd4 9. Qxd4 d6 10. Qh4 Qb6 11. b3 Bd7 12. Bb2 Bc6 13. e4 Rfe8 14. Rad1 a5
15. Ba1 a4 16. Nxa4 Bxa4 17. bxa4 Rxa4 18. e5 Nd7 19. e6 fxe6 20. Rb1 Rb4 21.
c5 Rxh4 22. cxb6 Bxa1 23. gxh4 Bd4 24. Bxb7 Nxb6 25. Rfd1 Bc5 26. Rdc1 Nd5 27.
Bxd5 exd5 28. a4 Ra8 29. Ra1 Ra6 30. Kf1 Kf7 31. Ke2 e5 32. Rcb1 h6 33. Rb7+
Kf6 34. a5 Kf5 35. Ra4 d4 36. f3 Kf6 37. Kd3 Kf5 38. Ra1 g5 39. hxg5 hxg5 40.
Kc4 Kf4 41. Kb5 Ra8 42. Rf7+ Ke3 43. Kc4 d3 44. Rb7 d2 45. Rbb1 Ke2 46. Ra2
Rxa5 47. Rxa5 d1=Q 48. Rxd1 Kxd1 49. Ra2 Ke1 50. Kd5 Kf1 51. Ke4 Ke1 52. Kf5
Be3 53. h3 {...} 1-0

[Event "I Festival Steinitz A"]
[Site "Roma ITA"]
[Date "2002.07.06"]
[Round "2"]
[White "D'Amico, Francesco"]
[Black "Gardon, Ermanno"]
[Result "1-0"]
[WhiteElo "1600"]
[BlackElo "2108"]
[PlyCount "103"]
[EventDate "2002.07.05"]

1. d4 d5 2. c4 e6 3. Nc3 Nf6 4. Bg5 Nbd7 5. cxd5 exd5 6. e3 c6 7. Nf3 Bd6 8.
Bd3 Nf8 9. Rb1 Ng6 10. Qc2 h6 11. Bxg6 hxg5 12. Nxg5 fxg6 13. Qxg6+ Kd7 14. Nf7
Qf8 15. Nxh8 Qxh8 16. Rc1 Kd8 17. h3 Be6 18. Na4 Kc7 19. Nc5 Bg8 20. Ke2 Re8
21. Qc2 Bh7 22. Qa4 Bxc5 23. Rxc5 Bf5 24. Rhc1 Bd7 25. b4 Qh5+ 26. Ke1 Ne4 27.
R5c2 Kb8 28. Qb3 g5 29. b5 Ka8 30. bxc6 bxc6 31. Rb2 Nd6 32. a4 Qh8 33. Rcb1
Qf8 34. Qb4 Bf5 35. Qc5 Rc8 36. Rc1 Nc4 37. Qxf8 Rxf8 38. Rb4 Rb8 39. Rxb8+
Kxb8 40. Ke2 Kc7 41. g4 Bh7 42. f4 gxf4 43. exf4 Kd7 44. f5 Ke7 45. Rb1 Nd6 46.
Rb8 Kf6 47. Ra8 Ne4 48. Rxa7 Bg8 49. Rc7 Nc3+ 50. Kd3 Nxa4 51. Rxc6+ Kf7 52.
Kc2 1-0

[Event "I Festival Steinitz A"]
[Site "Roma ITA"]
[Date "2002.07.06"]
[Round "2"]
[White "De Angelis, Massimo"]
[Black "Bolla, Vittorio"]
[Result "0-1"]
[WhiteElo "1534"]
[BlackElo "1603"]
[PlyCount "116"]
[EventDate "2002.07.05"]

1. e4 e6 2. d4 d5 3. e5 c5 4. Nf3 cxd4 5. Qxd4 Nc6 6. Qd1 Nge7 7. Bg5 Qc7 8.
Bxe7 Bxe7 9. Bb5 Bd7 10. Bxc6 Bxc6 11. O-O O-O 12. Nbd2 Rac8 13. c3 Rfd8 14.
Nb3 Ba4 15. Qd2 Bxb3 16. axb3 Qb6 17. b4 a6 18. Rfe1 Ra8 19. Qd4 Qb5 20. Ra5
Qc4 21. Qxc4 dxc4 22. Nd4 Rdc8 23. Rea1 Bd8 24. R5a2 Bb6 25. b5 a5 26. Rd1 Rc5
27. Re1 Rd5 28. b4 Bxd4 29. cxd4 Rxb5 30. bxa5 Rbxa5 31. Rb2 b5 32. g3 Ra1 33.
Kf1 Rxe1+ 34. Kxe1 Rb8 35. Rb4 Kf8 36. Kd2 Ke7 37. f4 Kd7 38. g4 Kc6 39. Kc3
Ra8 40. Rb2 Ra3+ 41. Kb4 Rb3+ 42. Rxb3 cxb3 43. Kxb3 Kd5 44. Kb4 Kxd4 45. Kxb5
Ke4 46. Kc5 Kxf4 47. Kd6 g5 48. h3 h6 49. Ke7 Kxe5 50. Kxf7 Kd5 51. Kg6 e5 52.
Kxh6 e4 53. Kxg5 e3 54. h4 e2 55. h5 e1=Q 56. h6 Qe5+ 57. Kh4 Ke6 58. g5 Kf5
0-1

[Event "I Festival Steinitz A"]
[Site "Roma ITA"]
[Date "2002.07.06"]
[Round "2"]
[White "Della Corte, Alessandro"]
[Black "Djuric, Stefan"]
[Result "1/2-1/2"]
[WhiteElo "1915"]
[BlackElo "2484"]
[PlyCount "57"]
[EventDate "2002.07.05"]

1. Nf3 c5 2. g3 Nc6 3. Bg2 g6 4. O-O Bg7 5. d3 d6 6. e4 e5 7. c3 Nge7 8. a3 O-O
9. Nbd2 h6 10. b4 b6 11. Bb2 Ba6 12. Nb3 Rc8 13. Re1 f5 14. c4 fxe4 15. Nfd2
Bb7 16. b5 Nd4 17. Bxd4 cxd4 18. Bxe4 d5 19. cxd5 Nxd5 20. Qg4 Qf6 21. Qxg6
Qxf2+ 22. Kh1 Rf6 23. Qh7+ Kf8 24. Rf1 Qe2 25. Qg6 Nf4 26. Qh7 Nd5 27. Qg6 Nf4
28. Qh7 Nd5 29. Qg6 1/2-1/2

[Event "I Festival Steinitz A"]
[Site "Roma ITA"]
[Date "2002.07.06"]
[Round "2"]
[White "Ermacora, Ilario"]
[Black "Offidani, Marco"]
[Result "0-1"]
[WhiteElo "1600"]
[BlackElo "1500"]
[PlyCount "80"]
[EventDate "2002.07.05"]

1. e4 c6 2. d4 d5 3. exd5 cxd5 4. c4 Nf6 5. Nf3 Bg4 6. c5 e6 7. Bb5+ Nbd7 8.
O-O Be7 9. Bf4 O-O 10. Nbd2 Qa5 11. Qb3 Nh5 12. Be3 Bxf3 13. Nxf3 Qc7 14. Rfc1
Nb8 15. Ne5 Nc6 16. f4 Nf6 17. Bd3 Nxe5 18. fxe5 Nd7 19. Qc2 h6 20. Qd2 f5 21.
Bxh6 gxh6 22. Qxh6 Kf7 23. Qh5+ Kg7 24. Rc3 Rh8 25. Qe2 Rag8 26. Rf1 Kf7 27. b4
Ke8 28. Bb5 a6 29. Ba4 b5 30. Bb3 Bf6 31. Rd1 Be7 32. a4 Qc6 33. Ra1 Rg4 34.
Qd2 Rhh4 35. Rd3 Bg5 36. Qc3 Nxe5 37. dxe5 d4 38. Qc2 Be3+ 39. Kh1 Qe4 40. Rf1
Rxh2+ 0-1

[Event "I Festival Steinitz A"]
[Site "Roma ITA"]
[Date "2002.07.06"]
[Round "2"]
[White "Evangelisti, Claudio"]
[Black "Raccah, Ascer"]
[Result "1-0"]
[WhiteElo "2240"]
[BlackElo "1504"]
[PlyCount "117"]
[EventDate "2002.07.05"]

1. e4 e5 2. Nf3 Nf6 3. Nxe5 d6 4. Nf3 Nxe4 5. d4 d5 6. Bd3 Be7 7. O-O O-O 8.
Re1 f5 9. c4 Be6 10. Qb3 b6 11. Nc3 dxc4 12. Bxc4 Bxc4 13. Qxc4+ Kh8 14. Nxe4
fxe4 15. Rxe4 Nd7 16. Bd2 Nf6 17. Re2 Bd6 18. Rae1 Qd7 19. Ne5 Bxe5 20. dxe5
Qd5 21. Qxd5 Nxd5 22. Bg5 h6 23. Rd2 c6 24. Bh4 Rae8 25. Bg3 Re6 26. Rf1 g5 27.
h3 Kg7 28. Bh2 Kg6 29. g3 Rxe5 30. Rc1 Rf6 31. Rdc2 Nb4 32. Rc4 Nd3 33. R1c2
Ne1 34. f4 gxf4 35. gxf4 Ree6 36. R2c3 Kf5 37. Kf2 Rg6 38. Bg3 h5 39. Kf1 Nc2
40. Bf2 Na1 41. Rc1 Nb3 42. axb3 b5 43. Rd4 Rg7 44. Rc5+ Kg6 45. Rg5+ Kh6 46.
Rxg7 Kxg7 47. Rd7+ Kf6 48. Rxa7 Kf5 49. Rf7+ Rf6 50. Rxf6+ Kxf6 51. Kg2 Kf5 52.
Kf3 Ke6 53. Ke4 Kd6 54. Kf5 c5 55. Kg6 c4 56. f5 Ke5 57. f6 Ke4 58. f7 Kf3 59.
f8=Q+ 1-0

[Event "I Festival Steinitz A"]
[Site "Roma ITA"]
[Date "2002.07.06"]
[Round "2"]
[White "Farina, Saverio"]
[Black "Sacchini, Marco"]
[Result "1-0"]
[WhiteElo "2104"]
[BlackElo "2047"]
[PlyCount "67"]
[EventDate "2002.07.05"]

1. c4 g6 2. Nc3 Bg7 3. d4 d6 4. e4 Nf6 5. Nge2 O-O 6. Ng3 e5 7. d5 Ne8 8. h4 f5
9. exf5 gxf5 10. Nh5 Nf6 11. Bg5 Qe8 12. Nxg7 Kxg7 13. Qd2 Kh8 14. Bd3 Na6 15.
O-O-O Nc5 16. f3 Bd7 17. Bc2 a6 18. g4 b5 19. Bxf6+ Rxf6 20. g5 Rf8 21. h5 bxc4
22. g6 Qe7 23. Rdg1 Rg8 24. Rh2 f4 25. Rhg2 hxg6 26. Rxg6 Rxg6 27. Rxg6 Qf8 28.
Qg2 Nd3+ 29. Bxd3 cxd3 30. Qg5 Bf5 31. Rh6+ Bh7 32. Ne4 Qg7 33. Nf6 Rg8 34.
Nxh7 1-0

[Event "I Festival Steinitz A"]
[Site "Roma ITA"]
[Date "2002.07.06"]
[Round "2"]
[White "Gagliardi, Gaetano"]
[Black "Mrdja, Milan"]
[Result "0-1"]
[WhiteElo "1767"]
[BlackElo "2370"]
[PlyCount "58"]
[EventDate "2002.07.05"]

1. e4 c5 2. Nf3 d6 3. d4 cxd4 4. Nxd4 Nf6 5. Nc3 a6 6. Bg5 e6 7. f4 Nbd7 8. Qf3
Qc7 9. O-O-O b5 10. Bxf6 Nxf6 11. e5 Bb7 12. Qg3 dxe5 13. fxe5 Nd7 14. Bxb5
axb5 15. Ndxb5 Qc5 16. Rxd7 Kxd7 17. Rd1+ Kc8 18. Qd3 Bd5 19. Ne4 Qc6 20. Ned6+
Bxd6 21. Nxd6+ Kd7 22. Qg3 Rhg8 23. Qf4 f6 24. Nf5 Rxa2 25. Ne3 Ra1+ 26. Kd2
Rxd1+ 27. Nxd1 Kc7 28. Qh4 Be4 29. b3 Rd8+ 0-1

[Event "I Festival Steinitz A"]
[Site "Roma ITA"]
[Date "2002.07.06"]
[Round "2"]
[White "Gallitto, Salvatore"]
[Black "Frontini, Yuri Diego"]
[Result "1-0"]
[WhiteElo "2045"]
[BlackElo "1500"]
[PlyCount "53"]
[EventDate "2002.07.05"]

1. d4 Nf6 2. e3 e6 3. f4 b6 4. Nf3 c5 5. c3 Ba6 6. Bxa6 Nxa6 7. O-O d5 8. Qa4+
Qd7 9. Qxa6 Bd6 10. Ne5 Bxe5 11. fxe5 Ne4 12. Nd2 Nxd2 13. Bxd2 c4 14. a4 O-O
15. Qb5 Qc7 16. Qb4 Rfb8 17. Rf4 Rb7 18. e4 Qc6 19. exd5 exd5 20. Qb5 Qe6 21.
h3 a6 22. Qb4 b5 23. axb5 Rab8 24. Rxa6 Qxa6 25. bxa6 Rxb4 26. cxb4 Ra8 27. b5
1-0

[Event "I Festival Steinitz A"]
[Site "Roma ITA"]
[Date "2002.07.06"]
[Round "2"]
[White "Gorini, Tommaso"]
[Black "Romano, Ugo"]
[Result "1-0"]
[WhiteElo "1600"]
[BlackElo "1476"]
[PlyCount "57"]
[EventDate "2002.07.05"]

1. e4 g6 2. d4 Bg7 3. Nf3 c5 4. c3 cxd4 5. Nxd4 Nc6 6. Be3 a6 7. Bc4 d6 8. O-O
Nf6 9. f3 O-O 10. Na3 Rb8 11. Qd2 Re8 12. Nac2 d5 13. exd5 Nxd5 14. Rad1 Nxe3
15. Qxe3 Qc7 16. Bb3 Na5 17. Bd5 e6 18. Nb3 Bd7 19. Be4 Bb5 20. Bd3 Bxd3 21.
Rxd3 Red8 22. Rfd1 Nc4 23. Qc1 Rxd3 24. Rxd3 Rd8 25. Rxd8+ Qxd8 26. Ncd4 Qb6
27. Kh1 a5 28. Qf1 a4 29. Qxc4 1-0

[Event "I Festival Steinitz A"]
[Site "Roma ITA"]
[Date "2002.07.06"]
[Round "2"]
[White "Lattanzi, Domenico"]
[Black "Marinelli, Franco"]
[Result "1-0"]
[WhiteElo "1591"]
[BlackElo "1327"]
[PlyCount "91"]
[EventDate "2002.07.05"]

1. e4 d6 2. d4 Nf6 3. Nc3 g6 4. f4 Bg4 5. Be2 Bxe2 6. Qxe2 Bg7 7. Be3 Qd7 8.
O-O-O c6 9. h3 Nh5 10. Qf3 Bh6 11. g4 Bxf4 12. Bxf4 Nxf4 13. Qxf4 e6 14. Nf3
Qe7 15. Rdf1 Nd7 16. e5 d5 17. h4 h6 18. Rh2 b6 19. Rhf2 Rh7 20. h5 g5 21. Qe3
b5 22. Nd2 O-O-O 23. Nb3 Kc7 24. Ne2 Nb6 25. Qd3 Rg7 26. Rf6 Rh8 27. Qf3 Rhh7
28. Nc5 Nc4 29. Qc3 Kb6 30. Qb4 Qe8 31. Nb3 Kc7 32. R1f3 Rg8 33. Na5 Qf8 34.
Qxf8 Rxf8 35. Nxc4 dxc4 36. Rxe6 fxe6 37. Rxf8 a5 38. Ng3 Rd7 39. c3 b4 40. Ne4
bxc3 41. bxc3 Re7 42. Rh8 Rf7 43. Nf6 Kb6 44. Rxh6 c5 45. Rh7 Rxh7 46. Nxh7 1-0

[Event "I Festival Steinitz A"]
[Site "Roma ITA"]
[Date "2002.07.06"]
[Round "2"]
[White "Lava, Giovanni"]
[Black "Togni, Giampiero"]
[Result "1-0"]
[WhiteElo "2259"]
[BlackElo "1689"]
[PlyCount "61"]
[EventDate "2002.07.05"]

1. d4 d5 2. Nf3 Nf6 3. g3 Bg4 4. Bg2 e6 5. O-O Bxf3 6. Bxf3 Bd6 7. c4 c6 8. Nc3
O-O 9. Qb3 Qb6 10. c5 Qxb3 11. axb3 Bc7 12. b4 Nbd7 13. b5 e5 14. e3 a6 15.
bxc6 bxc6 16. Bd2 Rfb8 17. Ra2 Ra7 18. Rfa1 Rba8 19. b4 Bb8 20. Be2 Ne8 21.
Rxa6 Rxa6 22. Rxa6 Rxa6 23. Bxa6 Bc7 24. Bb7 Nb8 25. b5 cxb5 26. Nxb5 Bd8 27.
Bxd5 Na6 28. Bb7 Nac7 29. Nxc7 Bxc7 30. d5 Nf6 31. d6 1-0

[Event "I Festival Steinitz A"]
[Site "Roma ITA"]
[Date "2002.07.06"]
[Round "2"]
[White "Maddaloni, Giovanni"]
[Black "Scacco, Mauro"]
[Result "0-1"]
[WhiteElo "1547"]
[BlackElo "2070"]
[PlyCount "74"]
[EventDate "2002.07.05"]

1. e4 e5 2. Nf3 Nc6 3. Bb5 a6 4. Ba4 Nf6 5. Qe2 b5 6. Bb3 Be7 7. h3 d6 8. c3
Na5 9. Bc2 c5 10. O-O O-O 11. d3 Bb7 12. a4 Qc7 13. Na3 Bc6 14. b4 Nb7 15. axb5
axb5 16. Bb2 Rfe8 17. c4 bxc4 18. b5 cxd3 19. Bxd3 Bd7 20. Bc3 Reb8 21. Rfb1
Nd8 22. Kh2 Ne6 23. b6 Rxb6 24. Nb5 Qb8 25. Rxa8 Qxa8 26. Ra1 Qb8 27. Ra5 Nf4
28. Qa2 Nxd3 29. Ra8 Bxb5 30. Rxb8+ Rxb8 31. Ng5 Be8 32. Qa7 Nd7 33. Nf3 Nb4
34. Qc7 f5 35. Nxe5 dxe5 36. Bxe5 fxe4 37. Bc3 Nd5 0-1

[Event "I Festival Steinitz A"]
[Site "Roma ITA"]
[Date "2002.07.06"]
[Round "2"]
[White "Medori, Marco"]
[Black "Marzano, Carlo"]
[Result "0-1"]
[WhiteElo "1723"]
[BlackElo "2258"]
[PlyCount "112"]
[EventDate "2002.07.05"]

1. e4 Nc6 2. Nf3 d6 3. d4 Bg4 4. Be2 Nf6 5. Nc3 e5 6. dxe5 dxe5 7. Qxd8+ Rxd8
8. Bb5 Bb4 9. O-O Bxf3 10. Bxc6+ bxc6 11. gxf3 Bxc3 12. bxc3 Ke7 13. Be3 a6 14.
Rab1 Rb8 15. Rfd1 Rhd8 16. Rxb8 Rxb8 17. Bc1 Ke6 18. Kf1 Rb1 19. Ke2 Ra1 20. a3
g6 21. Kd3 Nh5 22. Kc4 Nf4 23. Re1 Ng2 24. Rd1 Nf4 25. Kb3 Rb1+ 26. Ka2 Rb8 27.
Rd3 Ng2 28. Rd1 f5 29. Rg1 Nh4 30. exf5+ Kxf5 31. Rg5+ Ke6 32. f4 Nf3 33. f5+
Kf6 34. Rg3 e4 35. fxg6 hxg6 36. Rg4 Re8 37. h3 g5 38. Kb3 Rb8+ 39. Ka4 Kf5 40.
Ka5 Rb1 41. Be3 Rb2 42. Kxa6 Rxc2 43. Kb7 Rxc3 44. Kxc7 Rxa3 45. Rg2 Rc3 46.
Kd6 Rc2 47. Rg4 Ra2 48. Rg2 Ra6 49. Kc5 Kg6 50. h4 Ra5+ 51. Kxc6 Nxh4 52. Rg4
Re5 53. Kd6 Nf3 54. Rg3 Kf5 55. Bxg5 Re6+ 56. Kd5 Re5+ 0-1

[Event "I Festival Steinitz A"]
[Site "Roma ITA"]
[Date "2002.07.06"]
[Round "2"]
[White "Pagano, Sergio M."]
[Black "Leti, Jacopo"]
[Result "1-0"]
[WhiteElo "2222"]
[BlackElo "1629"]
[PlyCount "63"]
[EventDate "2002.07.05"]

1. Nf3 c5 2. c4 g6 3. Nc3 Bg7 4. g3 Nf6 5. Bg2 d5 6. cxd5 Nxd5 7. O-O O-O 8.
Qb3 Nb6 9. d3 Nc6 10. Bg5 h6 11. Be3 Nd4 12. Qd1 e5 13. Nd2 f5 14. a4 f4 15.
Bxd4 cxd4 16. Nce4 a5 17. Nc5 Rb8 18. Rc1 Kh7 19. Qb3 Bg4 20. Rfe1 Nd7 21. Nxb7
Qg5 22. Ne4 Qh5 23. Rc7 Bh3 24. Bf3 Bg4 25. Bxg4 Qxg4 26. f3 Qh3 27. Nf2 Qf5
28. g4 Qf7 29. Qxf7 Rxf7 30. Ne4 Bf8 31. Rec1 Kg7 32. R1c6 1-0

[Event "I Festival Steinitz A"]
[Site "Roma ITA"]
[Date "2002.07.06"]
[Round "2"]
[White "Palermo, Stefano"]
[Black "Simeoni, Matteo"]
[Result "1-0"]
[WhiteElo "2066"]
[BlackElo "2048"]
[PlyCount "73"]
[EventDate "2002.07.05"]

1. e4 c5 2. Nf3 d6 3. d4 cxd4 4. Nxd4 Nf6 5. Nc3 a6 6. Bg5 e6 7. f4 Be7 8. Qf3
Qc7 9. O-O-O Nbd7 10. g4 b5 11. Bxf6 Nxf6 12. g5 Nd7 13. f5 Bxg5+ 14. Kb1 Ne5
15. Qh5 Qd8 16. fxe6 O-O 17. Rg1 Be3 18. Rxg7+ Kxg7 19. Nf5+ Kh8 20. e7 Qxe7
21. Nxe7 Bg4 22. Qh4 f5 23. Be2 Bxe2 24. Nxe2 f4 25. Rf1 f3 26. Ng3 Rf4 27. Qh5
Rg4 28. Rxf3 Rg5 29. Rxe3 Rxh5 30. Nxh5 Rf8 31. b3 Rf7 32. Nd5 Rf2 33. Ndf6 b4
34. Rg3 Ng6 35. Rd3 Nf4 36. Nxf4 Rxf4 37. Rxd6 1-0

[Event "I Festival Steinitz A"]
[Site "Roma ITA"]
[Date "2002.07.06"]
[Round "2"]
[White "Quimi, Marco"]
[Black "Coglitore, Roberto"]
[Result "1-0"]
[WhiteElo "2205"]
[BlackElo "1741"]
[PlyCount "71"]
[EventDate "2002.07.05"]

1. e4 c5 2. Nc3 e6 3. Bc4 a6 4. a4 Qc7 5. d3 Nc6 6. f4 b6 7. Nf3 Bb7 8. O-O Be7
9. f5 O-O-O 10. Ng5 Nh6 11. fxe6 fxe6 12. Bxe6 dxe6 13. Nxe6 Qe5 14. Nxd8 Rxd8
15. Kh1 Nd4 16. Bf4 Qe6 17. h3 g5 18. Be3 Ndf5 19. Bf2 Nd4 20. Ne2 Nxe2 21.
Qxe2 g4 22. h4 Bd6 23. Qe3 Qe5 24. Bg1 Qh5 25. Qg5 Qxg5 26. hxg5 Ng8 27. Rf7 h5
28. Raf1 h4 29. Rh7 h3 30. gxh3 gxh3 31. Rff7 Bc6 32. b3 Bd7 33. Bh2 Kc7 34. e5
Bxe5 35. Bxe5+ Kc6 36. c4 1-0

[Event "I Festival Steinitz A"]
[Site "Roma ITA"]
[Date "2002.07.06"]
[Round "2"]
[White "Rocchetti, Marco"]
[Black "Dinacci, Fabrizio"]
[Result "0-1"]
[WhiteElo "1624"]
[BlackElo "1500"]
[PlyCount "107"]
[EventDate "2002.07.05"]

1. d4 d5 2. Nf3 e6 3. Bf4 Nf6 4. e3 Be7 5. Bd3 O-O 6. Nbd2 Nbd7 7. Ne5 Nxe5 8.
dxe5 Nd7 9. Qh5 f5 10. Nf3 Nc5 11. O-O-O Ne4 12. Bxe4 fxe4 13. Ng5 Bxg5 14.
Bxg5 Qe8 15. Qxe8 Rxe8 16. f3 exf3 17. gxf3 a6 18. Rhg1 g6 19. h4 h5 20. Bf6
Kh7 21. Rd3 c6 22. Kd2 b5 23. Rc3 Bd7 24. Ra1 Rec8 25. Rc5 Be8 26. Kd3 Ra7 27.
a4 Rca8 28. b4 Kg8 29. Rc3 bxa4 30. Rca3 c5 31. bxc5 Bb5+ 32. Kd4 Rc8 33. Rg1
Kh7 34. e4 Rd7 35. f4 dxe4+ 36. Kxe4 Rxc5 37. Rag3 Rc4+ 38. Ke3 Rc3+ 39. Kf2
Rxc2+ 40. Ke1 Rc1+ 41. Kf2 Rxg1 42. Rxg1 Rd2+ 43. Ke3 Rd3+ 44. Kf2 Kg8 45.
Rxg6+ Kf7 46. Rg7+ Kf8 47. Rh7 a3 48. f5 a2 49. fxe6 Rd2+ 50. Kg3 Rd3+ 51. Kf4
Rd4+ 52. Kg5 Rg4+ 53. Kxh5 Rg8 54. e7+ 0-1

[Event "I Festival Steinitz A"]
[Site "Roma ITA"]
[Date "2002.07.06"]
[Round "2"]
[White "Romagnoli, Moreno"]
[Black "Dentale, Enrico"]
[Result "0-1"]
[WhiteElo "1582"]
[BlackElo "1483"]
[PlyCount "50"]
[EventDate "2002.07.05"]

1. e4 d5 2. exd5 Nf6 3. d4 Nxd5 4. c4 Nb6 5. Nf3 g6 6. Nc3 Bg7 7. h3 O-O 8. Be3
Nc6 9. Qd2 Re8 10. O-O-O a5 11. Bh6 Bh8 12. Qf4 Qd6 13. Qe3 Qb4 14. Ne5 Nxe5
15. dxe5 Nxc4 16. Bxc4 Qxc4 17. Rd4 Qc5 18. f4 Be6 19. Kb1 b5 20. g4 b4 21. Ne4
Qb6 22. f5 Bxe5 23. fxe6 fxe6 24. Qf2 Qxd4 25. Qxd4 25... Bxd4 {...} 0-1

[Event "I Festival Steinitz A"]
[Site "Roma ITA"]
[Date "2002.07.06"]
[Round "2"]
[White "Rotondi, Silverio"]
[Black "De Benedetti, Arnaldo"]
[Result "0-1"]
[WhiteElo "1600"]
[BlackElo "1494"]
[PlyCount "94"]
[EventDate "2002.07.05"]

1. e4 e5 2. Nf3 Nc6 3. Bc4 d6 4. d4 Bg4 5. dxe5 Nxe5 6. Be2 Nd7 7. Nc3 Ngf6 8.
Bg5 Be7 9. O-O O-O 10. Nd4 Bxe2 11. Qxe2 Re8 12. Nf5 Bf8 13. Rad1 h6 14. Bh4 g6
15. Nd4 g5 16. Bg3 Nc5 17. f3 Nh5 18. Nf5 Qf6 19. Nd5 Qxf5 20. Nxc7 Nxg3 21.
hxg3 Qe5 22. Nxa8 Rxa8 23. b4 Ne6 24. f4 Qb2 25. Qc4 Qa3 26. Rd3 Qa4 27. Rdf3
g4 28. Rd3 a5 29. Qd5 axb4 30. Qf5 Qxc2 31. Qxg4+ Kh8 32. Rfd1 Rxa2 33. R3d2
Qc5+ 34. Kh2 Rxd2 35. Rxd2 b3 36. e5 d5 37. Qf5 Kg8 38. Qg4+ Bg7 39. f5 Ng5 40.
f6 Bf8 41. Qa4 Qc3 42. Rxd5 Qc2 43. Rb5 Nf3+ 44. Kh3 Qf5+ 45. Qg4+ Qxg4+ 46.
Kxg4 Nd4 47. Kf4 Nxb5 0-1

[Event "I Festival Steinitz A"]
[Site "Roma ITA"]
[Date "2002.07.06"]
[Round "2"]
[White "Serrano, Pasquale"]
[Black "Soncini, Stefano"]
[Result "0-1"]
[WhiteElo "1434"]
[BlackElo "1569"]
[PlyCount "62"]
[EventDate "2002.07.05"]

1. c4 c5 2. g3 Nc6 3. Bg2 d6 4. Nc3 g6 5. Nf3 Bg7 6. O-O Nf6 7. d3 O-O 8. h3 a6
9. a3 Bd7 10. Rb1 Rb8 11. Bd2 b5 12. cxb5 axb5 13. e4 b4 14. axb4 Nxb4 15. Ne1
Qc7 16. Kh2 Rb6 17. Be3 Rfb8 18. Nc2 e5 19. Nxb4 Rxb4 20. Bc1 Rb3 21. Qc2 Qa5
22. Bd2 Qb6 23. Bc1 Qb4 24. Na2 Qb6 25. Bf3 Be6 26. Bd1 Qb7 27. Qe2 Rb6 28. Nc3
d5 29. f3 d4 30. Na4 Rb5 31. Nxc5 Rxc5 0-1

[Event "I Festival Steinitz A"]
[Site "Roma ITA"]
[Date "2002.07.06"]
[Round "2"]
[White "Spano' Cuomo, Gaetano"]
[Black "Ljubisavljevic, Zivojin Z."]
[Result "0-1"]
[WhiteElo "1746"]
[BlackElo "2275"]
[PlyCount "50"]
[EventDate "2002.07.05"]

1. d4 Nf6 2. c4 e6 3. Nc3 Bb4 4. a3 Bxc3+ 5. bxc3 d6 6. Nf3 b6 7. e3 O-O 8. Bd3
Bb7 9. O-O Ne4 10. Nd2 Nxd2 11. Bxd2 f5 12. Qe2 e5 13. f3 Nc6 14. c5 bxc5 15.
dxc5 dxc5 16. Rfd1 Kh8 17. Be1 Qf6 18. Rab1 Bc8 19. e4 c4 20. Bxc4 fxe4 21. Bd5
exf3 22. Bxf3 Bf5 23. Bxc6 Qxc6 24. Rb2 Qc5+ 25. Kh1 Bg4 0-1